A brief enquiry whether they who assert, and they who deny, the divinity of our Lord Jesus Christ, may have communion together at the Lords table : By Joseph Taylor.

Bibliographic Details
Main Author: Taylor, Joseph, 17th/18th cent
Format: eBook
Language:English
Published: London : [publisher not identified], printed in the year, 1698.
Series:Early English books online.
Subjects:
Online Access:Connect to the full text of this electronic book

MARC

Tag First Indicator Second Indicator Subfields
LEADER 00000nam a2200000 4500
001 in00004324421
005 20200812081158.0
006 m g d
007 cr bn |||a|bb|
008 951108s1698 enk o 00| | eng d
035 |a (UnM)99832046 
037 |a CL0037000083  |b ProQuest Information and Learning. 300 N. Zeeb Rd., Ann Arbor, MI 48106 
040 |a Cu-RivES  |c Cu-RivES  |d CStRLIN  |e dcrb  |d WaOLN 
100 1 |a Taylor, Joseph,  |d 17th/18th cent. 
245 0 2 |a A brief enquiry whether they who assert, and they who deny, the divinity of our Lord Jesus Christ, may have communion together at the Lords table :  |b By Joseph Taylor. 
246 2 |a Brief enquiry into the nature of that article of the Christian faith. 
260 |a London :  |b [publisher not identified],  |c printed in the year, 1698. 
300 |a 1 online resource ([8], 63, [1]p. 
336 |a text  |b txt  |2 rdacontent 
337 |a computer  |b c  |2 rdamedia 
338 |a online resource  |b cr  |2 rdacarrier 
500 |a Caption title on pages [1] reads in part: A brief enquiry into the nature of that article of the Christian faith, .. 
500 |a Reproduction of the original in the Congregational Library, London, England. 
510 4 |a Wing (2nd edition)  |c T536. 
533 |a Electronic reproduction.  |b Ann Arbor, Mich. :  |c UMI,  |d 1999-  |f (Early English books online)  |n Digital version of: (Early English books, 1641-1700 ; 2099:10)  |7 s1999 miun s 
600 0 0 |a Jesus Christ  |x Divinity  |v Early works to 1800. 
650 0 |a Communion table  |v Early works to 1800. 
830 0 |a Early English books online. 
856 4 0 |u http://proxy.library.tamu.edu/login?url=https://search.proquest.com/docview/2240924372  |z Connect to the full text of this electronic book  |t 0 
999 f f |s cc7b49ee-d4f5-34a6-9a5c-6b2502cb329d  |i 0e6f6e09-5dbe-3862-a3cf-79473e11afb3  |t 0 
952 f f |a Texas A&M University  |b College Station  |c Electronic Resources  |d Available Online  |t 0  |h No information provided 
998 f f |t 0  |l Available Online